000 01695cam a2200181 4500500
005 20260322005103.0
041 _afre
042 _adc
100 1 0 _aDahdouh, Elias M
_eauthor
700 1 0 _aSharara, Fady I
_eauthor
700 1 0 _aKutteh, William H
_eauthor
245 0 0 _aGenetic analysis in miscarriages: What can we learn from products of conception?
260 _c2026.
500 _a39
520 _aRecurrent pregnancy loss (RPL) represents a major clinical challenge, often without an identified cause despite a complete medical workup. The recent integration of genetic analyses of products of conception (POC), via chromosomal microarray (CMA) or next-generation sequencing (NGS), has considerably improved the understanding of RPL. They offer an explanation in more than 90% of cases when combined with the standard workup. These technologies make it possible to distinguish embryonic losses linked to chromosomal abnormalities (aneuploidies) from maternal causes (euploidies). This distinction guides the rational use of PGT-A or PGT-SR, useful only in selected cases (advanced maternal age, repeated fetal aneuploidies, infertility, or parental karyotype abnormality). Conversely, the systematic use of PGT-A is inappropriate and not indicated in cases of euploid miscarriages. This comprehensive genetic approach helps to avoid unnecessary treatments, guides more effective management of RPL, and offers reassurance to couples seeking explanations for their loss
786 0 _nMédecine de la Reproduction | 27 | 4 | 2026-01-26 | p. 378-381 | 2650-8427
856 4 1 _uhttps://stm.cairn.info/journal-medecine-de-la-reproduction-2025-4-page-378?lang=en&redirect-ssocas=7080
999 _c1745594
_d1745594